Score 0/40 Timer 05:00
5 Plays Today
Start of Title Last Word % Correct
Hocus...Pocus
96.6%
West Side...Story
95.4%
La La...Land
95.3%
When Harry Met...Sally
94.8%
Lady and the...Tramp
94.5%
To Kill a....Mockingbird
94.1%
The Sixth...Sense
93.7%
Million Dollar...Baby
93%
The Blair Witch...Project
92.7%
The Dark Knight...Rises
91.1%
The Grand Budapest...Hotel
90.9%
Dead Poets...Society
90.3%
The Truman...Show
89%
Mad Max: Fury...Road
86.5%
The Blues...Brothers
85.4%
The Social...Network
85.1%
Lost in...Translation
83.2%
North by...Northwest
82.7%
The Imitation...Game
82.1%
Cool Hand...Luke
79.4%
Start of Title Last Word % Correct
Love...Actually
78.5%
The Postman Always Rings....Twice
77.8%
The Seven Year...Itch
77.5%
The Running...Man
77.2%
Monty Python's Life of...Brian
75.2%
The Maltese...Falcon
74.8%
Dirty Rotten...Scoundrels
74.5%
On Her Majesty's Secret...Service
73.7%
Any Given...Sunday
73.4%
Dog Day...Afternoon
64.8%
The African...Queen
59.9%
Billy...Madison
58%
His Girl...Friday
52.1%
Duck...Soup
44.7%
Young...Frankenstein
44.4%
Slap...Shot
43.9%
Five Easy...Pieces
42.8%
Howl's Moving...Castle
39.7%
Once Upon a Time in...America
37.4%
Ghost...World
13.9%
Remove Ads.
Support Sporcle.
Get the best of Sporcle when you Go Orange. This ad-free experience offers more features, more stats, and more fun while also helping to support Sporcle. Thank you for becoming a member.

You're not logged in!

Compare scores with friends on all Sporcle quizzes.
OR
Log In

Show Comments

Extras

Top Quizzes Today


Score Distribution

Your Account Isn't Verified!

In order to create a playlist on Sporcle, you need to verify the email address you used during registration. Go to your Sporcle Settings to finish the process.

Report this User

Report this user for behavior that violates our Community Guidelines.

Details: